Central Library OPAC University of Rajshahi
Normal view MARC view

Entry Personal Name

Number of records used in: 1

001 - CONTROL NUMBER

  • control field: 3950

003 - CONTROL NUMBER IDENTIFIER

  • control field: BD-RjUL

005 - DATE AND TIME OF LATEST TRANSACTION

  • control field: 20220629150858.0

008 - FIXED-LENGTH DATA ELEMENTS

  • fixed length control field: 220629|| aca||aabn | a|a d

040 ## - CATALOGING SOURCE

  • Original cataloging agency: BD-RjUL
  • Transcribing agency: BD-RjUL

100 ## - HEADING--PERSONAL NAME

  • Personal name: عبده, محمد بن حسن خير الله ;; Abdo, Muhammad bin Hassan Khairallah
  • Dates associated with a name: لشيخ، 1266-1323 هـ.)

670 ## - SOURCE DATA FOUND

  • Source citation: Work cat.: (BD-RjUL)80061: عبده, محمد بن حسن خير الله ;; Abdo, Muhammad bin Hassan Khairallah لشيخ، 1266-1323 هـ.), فهرس رسالة التوحيد [faharas risalat altawhid] / (الشيخ، 1266-1323 هـ.), 1953